| 000 | 01542nam0a2200349 4500 | ||
|---|---|---|---|
| 001 | RU\NLR\bibl\1224226 | ||
| 005 | 20260405210512.0 | ||
| 010 |
_a978-5-9684-0801-3 _93000 |
||
| 021 |
_aRU _b2008-19730 _91078 |
||
| 035 | _a(NLR Aleph) 001210551 | ||
| 090 |
_a75425 _c75425 |
||
| 100 | _a20080508d2008 |||y0rusy50 ca | ||
| 101 | 0 | _arus | |
| 102 | _aRU | ||
| 105 | _aa ||||||||| | ||
| 200 | 1 |
_aАрктические тайны Третьего рейха _fС.А. Ковалев, А.Ф. Федоров, В.С. Злобин |
|
| 210 |
_aСанкт-Петербург _cВектор _d2008 |
||
| 215 |
_a215, [1] с. _cил. _d21 |
||
| 225 | 1 | _aЛабиринты истины | |
| 606 | 1 |
_aПиратство _yГермания _z20 в. _92143186 _3RU\NLR\auth\661291497 |
|
| 606 | 1 |
_aВоенные базы германские _xРазмещение в Арктике _z1939 - 1945 _92518369 _3RU\NLR\auth\661492500 |
|
| 686 | _aЦ66,8(4Г)0-13 | ||
| 686 | _aЦ8(4Г)34 | ||
| 686 | _aЦ2,8(4Г)3 | ||
| 700 | 1 |
_4070 _8rus _7ca _aКовалев _bС. А. _cписатель, капитан 1 ранга _gСергей Алексеевич _3RU\NLR\auth\7773259 _956187 |
|
| 701 | 1 |
_4070 _8rus _7ca _aФедоров _bА. Ф. _cканд. биол. наук, д-р техн. наук _f1929- _gАнатолий Федорович _3RU\NLR\auth\7793661 _976587 |
|
| 701 | 1 |
_aЗлобин _bВ. С. _gВиктор Сергеевич _4070 |
|
| 801 | 0 |
_aRU _bNLR _c20080508 _gRCR |
|
| 801 | 1 |
_aRU _bNLR _c20080508 |
|
| 942 | _cBOOK | ||
| 980 | _aNB | ||